| 000 | 00961nam a22002897a 4500 | ||
|---|---|---|---|
| 001 | |||
| 003 | DO-SdBNP | ||
| 005 | 20180222135255.0 | ||
| 007 | |||
| 008 | 160818b 2001 sp a |||| 00| 0 spa d | ||
| 020 | _a8466202285 | ||
| 040 |
_aBPMSU _bspa _cBPMSU |
||
| 092 |
_a _b |
||
| 100 | 1 | _aFontaine de la, Jean | |
| 245 | 1 | 4 |
_aFábulas morales / _b _cJean de la Fontaíne |
| 260 |
_aMadrid : _bLibsa, _c2001 |
||
| 300 |
_a[16 p.] : _bil. ; _c18 cm. |
||
| 490 | 0 | _aFábulas de oro | |
| 505 | _aEl lobo y la cigüeña -- El asno cargado de esponjas y al asno cargado de sal -- La golondrina y la siembra -- El león y el ratón -- El asno con la piel de león -- Las liebres y las ranas --El león envejecidos -- El lobo y el perro -- El hombre gato | ||
| 700 | 1 | _a | |
| 700 | 1 |
_a _e |
|
| 830 | 0 | _aFábulas de oro | |
| 830 | 0 |
_a _n |
|
| 942 |
_2ddc _cBK |
||
| 945 | _aInventariado, 2018/ YL | ||
| 956 |
_aVMATEO _b10 _c20170116 _dBPMSU _20069 |
||
| 999 |
_c12484 _d12484 |
||